00787cam a2200241 i 450000100090000000300040000900500170001300800410003001000170007102000190008804000280010704200080013505000260014310000220016924501370019126400550032830000170038333600210040033700250042133800230044665000430046970000330051217825948OSt20240624103827.0130725s2014 nyua b 001 0 eng  a 2013029651 a9781107029569  aDLCbengcDLCerdadDLC apcc00aQA76.76.I58bG45 20141 aGelfond, Michael,10aKnowledge representation, reasoning, and the design of intelligent agents :bthe answer-set programming approach /cMichael Gelfond  1aNew York, NY :bCambridge University Press,c2014. axiv, 348 p : atext2rdacontent aunmediated2rdamedia avolume2rdacarrier 0aIntelligent agents (Computer software)1 aKahl, Yulia,d1970-eauthor.